[Event "Bad Wörishofen op 2012 28th"]
[Site "Bad Wörishofen (2.3.-10.3)"]
[Date "2012.03.09"]
[Round "8.69"]
[White "Ries, Heinz-Gerd Dr"]
[Black "Hirstel, Serge"]
[Result "1-0"]
[WhiteElo "1740"]
[BlackElo "1768"]
[PlyCount "45"]
[EventDate "2012.03.??"]
[EventType "swiss"]
[EventRounds "9"]
[EventCountry "GER"]
[SourceDate "2013.02.18"]
[WhiteTeam "Muengersdorf SF"]
[BlackTeam "FRA/Frankreich"]
[BlackTeamCountry "FRA"]

1. d4 Nf6 2. Nf3 g6 3. c4 Bg7 4. Nc3 O-O 5. e4 d6 6. h3 e5 7. d5 Nbd7 8. Bg5 a6
9. Rc1 h6 10. Be3 Nc5 11. Qc2 g5 12. b4 Ncd7 13. Be2 Re8 14. c5 Nf8 15. Nd2 b5
16. Nb3 Ng6 17. g3 Rf8 18. Na5 Ne7 19. a4 bxa4 20. Nxa4 Qd7 21. c6 Qd8 22. Nb7
Qe8 23. Qa2 1-0

[Event "Bad Wörishofen op 2012 28th"]
[Site "Bad Wörishofen (2.3.-10.3)"]
[Date "2012.03.09"]
[Round "8.70"]
[White "Stoll, Katja"]
[Black "Walda, Michael"]
[Result "0-1"]
[WhiteElo "1711"]
[BlackElo "1831"]
[PlyCount "26"]
[EventDate "2012.03.??"]
[EventType "swiss"]
[EventRounds "9"]
[EventCountry "GER"]
[SourceDate "2013.02.18"]
[WhiteTeam "Ulm Weisse Dame SC"]
[BlackTeam "Niederräder TG"]

1. e4 d5 2. exd5 Qxd5 3. Nc3 Qa5 4. d4 Nf6 5. Bd2 Qb6 6. Bc1 Bf5 7. Nf3 Nc6 8.
Bc4 O-O-O 9. O-O Nxd4 10. Nxd4 Rxd4 11. Qe2 Bg4 12. Be6+ Qxe6 13. Qxe6+ Bxe6
0-1

[Event "Bad Wörishofen op 2012 28th"]
[Site "Bad Wörishofen (2.3.-10.3)"]
[Date "2012.03.09"]
[Round "8.71"]
[White "Schreib, Marc"]
[Black "Von Saldern, Ruediger"]
[Result "0-1"]
[WhiteElo "1741"]
[BlackElo "1905"]
[PlyCount "100"]
[EventDate "2012.03.??"]
[EventType "swiss"]
[EventRounds "9"]
[EventCountry "GER"]
[SourceDate "2013.02.18"]
[WhiteTeam "Deisenhofen SF"]
[BlackTeam "Starnberger See SF"]

1. d4 d5 2. c4 e6 3. Nc3 Nf6 4. cxd5 exd5 5. Bg5 Be7 6. e3 O-O 7. Bd3 Re8 8.
Nf3 c6 9. Qc2 h6 10. Bf4 Bd6 11. Bxd6 Qxd6 12. h3 Nbd7 13. O-O-O Nf8 14. Kb1
Be6 15. g4 N6h7 16. Rhg1 Ng5 17. Nxg5 hxg5 18. Bf5 Bxf5 19. Qxf5 Nh7 20. Rh1 g6
21. Qf3 Kg7 22. h4 gxh4 23. Rxh4 Ng5 24. Qg2 Rh8 25. Rdh1 Rxh4 26. Rxh4 Rh8 27.
Qh1 Rxh4 28. Qxh4 Nf3 29. Qh3 Qf6 30. Qg3 Ng5 31. f4 Ne6 32. Kc1 Qe7 33. g5 Nc7
34. Qh3 Ne8 35. a3 Nd6 36. Qf3 b5 37. Kc2 a5 38. Qe2 b4 39. axb4 axb4 40. Nd1
Ne4 41. Qd3 Qa7 42. Qb3 Qa5 43. Qd3 Nd6 44. Nf2 Nc4 45. Ng4 Qa1 46. b3 Na3+ 47.
Kd2 Nb1+ 48. Ke2 Nc3+ 49. Kf2 Qh1 50. Kg3 Ne4+ 0-1

[Event "Bad Wörishofen op 2012 28th"]
[Site "Bad Wörishofen (2.3.-10.3)"]
[Date "2012.03.09"]
[Round "8.72"]
[White "Gerhards, Walter"]
[Black "De Luna Butz, Alberto"]
[Result "1-0"]
[WhiteElo "1805"]
[BlackElo "1663"]
[PlyCount "107"]
[EventDate "2012.03.??"]
[EventType "swiss"]
[EventRounds "9"]
[EventCountry "GER"]
[SourceDate "2013.02.18"]
[WhiteTeam "Ratinger SK"]
[BlackTeam "ESP/Spanien"]
[BlackTeamCountry "ESP"]

1. e4 c5 2. Nf3 Nc6 3. d4 cxd4 4. Nxd4 Nf6 5. Nc3 e6 6. Be2 Bb4 7. Qd3 d5 8.
exd5 Qxd5 9. Bf3 Qe5+ 10. Be3 Nxd4 11. Qxd4 Qxd4 12. Bxd4 Ke7 13. a3 Bd6 14.
Nb5 Bb8 15. Bc5+ Ke8 16. O-O-O Nd7 17. Bd6 a6 18. Nc7+ Bxc7 19. Bxc7 Ra7 20.
Rd2 b6 21. Bd6 Bb7 22. Be2 g6 23. f3 Bc6 24. Rhd1 f6 25. Bc4 e5 26. Be6 h5 27.
h4 Rh7 28. c4 Rb7 29. b4 Rg7 30. Kb2 Ba4 31. Re1 Nf8 32. Bc8 Ra7 33. f4 Bd7 34.
Bxd7+ Nxd7 35. Rde2 Kd8 36. Kc3 Rg8 37. fxe5 fxe5 38. Bxe5 Nxe5 39. Rxe5 Rb7
40. g3 Kd7 41. Rd1+ Kc7 42. Rd3 Rbb8 43. Re7+ Kc6 44. a4 b5 45. axb5+ axb5 46.
c5 Rbd8 47. Rxd8 Rxd8 48. Re6+ Kc7 49. Rxg6 Rf8 50. Rg5 Rf3+ 51. Kd4 Rb3 52.
Rg7+ Kc6 53. Rg6+ Kb7 54. Rb6+ 1-0

[Event "Bad Wörishofen op 2012 28th"]
[Site "Bad Wörishofen (2.3.-10.3)"]
[Date "2012.03.09"]
[Round "8.73"]
[White "Dietsche, Birgit"]
[Black "Lampert, Joshua"]
[Result "0-1"]
[WhiteElo "1305"]
[BlackElo "1504"]
[PlyCount "68"]
[EventDate "2012.03.??"]
[EventType "swiss"]
[EventRounds "9"]
[EventCountry "GER"]
[SourceDate "2013.02.18"]
[WhiteTeam "DBSB (Blindenschachbund)"]
[BlackTeam "Hamburger SK"]

1. d4 Nf6 2. Nf3 g6 3. Bf4 Bg7 4. Nbd2 O-O 5. e3 d6 6. Be2 c5 7. c3 Nbd7 8. O-O
a6 9. h3 b5 10. a3 Qb6 11. b4 Nd5 12. bxc5 dxc5 13. Qc2 Nxf4 14. exf4 cxd4 15.
cxd4 Bxd4 16. Nxd4 Qxd4 17. Ne4 Bb7 18. Rfd1 Qxe4 19. Qxe4 Bxe4 20. Rxd7 e6 21.
Rc1 Rfd8 22. Rxd8+ Rxd8 23. f3 Rd2 24. fxe4 Rxe2 25. e5 Re4 26. Rf1 Re3 27. Ra1
a5 28. Kf2 Rc3 29. Ra2 b4 30. axb4 axb4 31. Ke2 b3 32. Ra8+ Kg7 33. Kd2 Rc2+
34. Ke3 Rxg2 0-1

[Event "Bad Wörishofen op 2012 28th"]
[Site "Bad Wörishofen (2.3.-10.3)"]
[Date "2012.03.09"]
[Round "8.75"]
[White "Kugelmann, Werner"]
[Black "Lindenmair, Anton"]
[Result "1-0"]
[WhiteElo "2091"]
[BlackElo "1975"]
[PlyCount "39"]
[EventDate "2012.03.??"]
[EventType "swiss"]
[EventRounds "9"]
[EventCountry "GER"]
[SourceDate "2013.02.18"]
[WhiteTeam "Wertingen TSV"]
[BlackTeam "DBSB (Blindenschachbund)"]

1. e4 e5 2. Bc4 Nf6 3. d3 Nc6 4. Nf3 Be7 5. Nc3 d6 6. h3 O-O 7. a3 a6 8. O-O b5
9. Ba2 Bb7 10. Re1 h6 11. Be3 Nb8 12. Qd2 Nbd7 13. Rad1 c5 14. Ne2 Nh7 15. Ng3
Ng5 16. Nxg5 Bxg5 17. Nf5 Bxe3 18. Rxe3 Nf6 19. Rg3 Nh5 20. Qxh6 1-0

[Event "Bad Wörishofen op 2012 28th"]
[Site "Bad Wörishofen (2.3.-10.3)"]
[Date "2012.03.09"]
[Round "8.76"]
[White "Pohlers, Juergen"]
[Black "Schaefer, Michael(59)"]
[Result "0-1"]
[WhiteElo "1875"]
[BlackElo "2135"]
[PlyCount "20"]
[EventDate "2012.03.??"]
[EventType "swiss"]
[EventRounds "9"]
[EventCountry "GER"]
[SourceDate "2013.02.18"]
[WhiteTeam "Leipzig Allianz BSV(DBSB)"]
[BlackTeam "Mörlenbach-Birkenau FB"]

1. d4 Nf6 2. Nf3 g6 3. c4 Bg7 4. Nc3 d5 5. Bg5 O-O 6. e3 c5 7. dxc5 dxc4 8.
Qxd8 Rxd8 9. Bxc4 Nc6 10. O-O Bf5 0-1

[Event "Bad Wörishofen op 2012 28th"]
[Site "Bad Wörishofen (2.3.-10.3)"]
[Date "2012.03.09"]
[Round "8.77"]
[White "Schellmann, Frank"]
[Black "Stiller, Patrick Dr"]
[Result "1/2-1/2"]
[WhiteElo "2004"]
[BlackElo "2146"]
[PlyCount "54"]
[EventDate "2012.03.??"]
[EventType "swiss"]
[EventRounds "9"]
[EventCountry "GER"]
[SourceDate "2013.02.18"]
[WhiteTeam "Halle Einheit SC"]
[BlackTeam "Ulm Post SV"]

1. e4 c6 2. d4 d5 3. e5 Bf5 4. Nf3 e6 5. Be2 Ne7 6. O-O h6 7. c4 dxc4 8. Bxc4
Nd7 9. Nc3 Nb6 10. Bd3 Nbd5 11. h3 Nxc3 12. bxc3 Bxd3 13. Qxd3 Nf5 14. Rb1 Rb8
15. Bd2 Be7 16. g4 Nh4 17. Nxh4 Bxh4 18. f4 g6 19. c4 Be7 20. Bc3 h5 21. g5 Qd7
22. Rfe1 O-O 23. d5 cxd5 24. cxd5 exd5 25. Rb5 d4 26. Bb4 Bxb4 27. Rxb4 Rfd8
1/2-1/2

[Event "Bad Wörishofen op 2012 28th"]
[Site "Bad Wörishofen (2.3.-10.3)"]
[Date "2012.03.09"]
[Round "8.78"]
[White "Buchal, Stephan"]
[Black "Ellinger, Peter"]
[Result "1-0"]
[WhiteElo "2264"]
[BlackElo "1923"]
[PlyCount "65"]
[EventDate "2012.03.??"]
[EventType "swiss"]
[EventRounds "9"]
[EventCountry "GER"]
[SourceDate "2013.02.18"]
[WhiteTeam "Werder Bremen SV"]
[BlackTeam "Lister Turm SK(DBSB)"]

1. e4 e5 2. Nc3 Nf6 3. g3 d5 4. exd5 Nxd5 5. Bg2 Nxc3 6. bxc3 Bc5 7. Nf3 Nc6 8.
O-O O-O 9. d3 Re8 10. Ng5 h6 11. Ne4 Bb6 12. Qh5 Re6 13. Kh1 Rg6 14. h3 Qe8 15.
g4 Qe6 16. f4 f5 17. Ng3 Ne7 18. Ba3 c5 19. Rae1 fxg4 20. f5 Nxf5 21. Qxf5 Qxf5
22. Nxf5 Bxf5 23. Rxf5 Rd8 24. Rfxe5 gxh3 25. Bd5+ Kf8 26. d4 Bc7 27. Bxc5+ Bd6
28. Rf5+ Rf6 29. Rxf6+ gxf6 30. Bxb7 h2 31. Bxd6+ Rxd6 32. d5 Kf7 33. c4 1-0

[Event "Bad Wörishofen op 2012 28th"]
[Site "Bad Wörishofen (2.3.-10.3)"]
[Date "2012.03.09"]
[Round "8.79"]
[White "Steinhart, Matthias"]
[Black "Goede, Heiko"]
[Result "0-1"]
[WhiteElo "1586"]
[BlackElo "1750"]
[PlyCount "98"]
[EventDate "2012.03.??"]
[EventType "swiss"]
[EventRounds "9"]
[EventCountry "GER"]
[SourceDate "2013.02.18"]
[WhiteTeam "DBSB (Blindenschachbund)"]
[BlackTeam "Sülz-Klettenberg SK"]

1. e4 c5 2. Nf3 e6 3. d4 cxd4 4. Nxd4 a6 5. Nc3 Qc7 6. Bd3 Nf6 7. O-O Nc6 8.
Be3 Ne5 9. Be2 b5 10. f4 Nc4 11. Bxc4 Qxc4 12. e5 Nd5 13. Nxd5 Qxd5 14. Nb3 Bb7
15. Qxd5 Bxd5 16. c3 f5 17. Nd2 Be7 18. a3 Rg8 19. Nf3 h6 20. Kf2 Rc8 21. Rg1
g5 22. g3 Kf7 23. Rad1 Rg7 24. Nd4 g4 25. Ne2 Rcg8 26. Nc1 h5 27. Nd3 h4 28.
Bc5 hxg3+ 29. hxg3 Rh7 30. Bxe7 Kxe7 31. Ke3 Rh2 32. Rd2 Rgh8 33. Rxh2 Rxh2 34.
Kd4 Rd2 35. Ke3 Rc2 36. Kd4 Bb7 37. Kc5 Rd2 38. Kb6 Bd5 39. Nb4 Rxb2 40. Kxa6
Bc4 41. Kb6 Rb3 42. Rh1 Rxc3 43. Rh7+ Kf8 44. Rxd7 Rxa3 45. Kc5 Rxg3 46. Rd8+
Kf7 47. Rd7+ Kf8 48. Rd8+ Kg7 49. Rd1 Rf3 0-1

[Event "Bad Wörishofen op 2012 28th"]
[Site "Bad Wörishofen (2.3.-10.3)"]
[Date "2012.03.09"]
[Round "8.81"]
[White "Lochte, Szilvia"]
[Black "Herrmann, Matthias(07.62)"]
[Result "1/2-1/2"]
[WhiteElo "1814"]
[BlackElo "1775"]
[PlyCount "28"]
[EventDate "2012.03.??"]
[EventType "swiss"]
[EventRounds "9"]
[EventCountry "GER"]
[SourceDate "2013.02.18"]
[WhiteTeam "Starnberg SC"]
[BlackTeam "Karlsbad SF"]

1. d4 d5 2. Bf4 Nf6 3. e3 Bg4 4. Nf3 e6 5. h3 Bh5 6. c3 c6 7. Nbd2 Bd6 8. Qb3
b6 9. Ne5 Qc7 10. g4 Bg6 11. h4 Ne4 12. Nxg6 Nxd2 13. Bxd6 Qxd6 14. Kxd2 hxg6
1/2-1/2

[Event "Bad Wörishofen op 2012 28th"]
[Site "Bad Wörishofen (2.3.-10.3)"]
[Date "2012.03.09"]
[Round "8.83"]
[White "Bangert, Ruediger"]
[Black "Sauerwein, Martin"]
[Result "1-0"]
[WhiteElo "1463"]
[BlackElo "1334"]
[PlyCount "51"]
[EventDate "2012.03.??"]
[EventType "swiss"]
[EventRounds "9"]
[EventCountry "GER"]
[SourceDate "2013.02.18"]
[WhiteTeam "GER/Erlangen Siemens SG"]
[BlackTeam "Kaufbeuren SC"]
[WhiteTeamCountry "GER"]

1. d4 d5 2. c4 c6 3. cxd5 cxd5 4. Nc3 Bf5 5. Nf3 Nc6 6. e3 Nf6 7. Bb5 Qc7 8. h3
a6 9. Bxc6+ Qxc6 10. Ne5 Qc7 11. Qa4+ Bd7 12. Qb3 e6 13. O-O Bd6 14. f4 O-O 15.
Bd2 Bxe5 16. fxe5 Ne4 17. Nxe4 dxe4 18. Rac1 Qb8 19. Bb4 Rc8 20. Bd6 Qa7 21.
Bc5 Qb8 22. Rf4 Bc6 23. Rcf1 Bd5 24. Qa3 f5 25. exf6 gxf6 26. Rxf6 1-0

[Event "Bad Wörishofen op 2012 28th"]
[Site "Bad Wörishofen (2.3.-10.3)"]
[Date "2012.03.09"]
[Round "8.84"]
[White "Humburg, Eduard"]
[Black "Puetz, Peter(51)"]
[Result "0-1"]
[WhiteElo "1179"]
[BlackElo "1437"]
[PlyCount "42"]
[EventDate "2012.03.??"]
[EventType "swiss"]
[EventRounds "9"]
[EventCountry "GER"]
[SourceDate "2013.02.18"]
[WhiteTeam "Wolfratshausen SC"]
[BlackTeam "Hennef SV"]

1. c4 e5 2. e3 Nf6 3. Be2 Be7 4. Nf3 d6 5. Nc3 c5 6. Nd5 Nxd5 7. cxd5 O-O 8.
O-O e4 9. Ne1 Bf6 10. Bg4 g6 11. Bxc8 Qxc8 12. Nc2 Bg7 13. d4 cxd4 14. exd4 f5
15. Bf4 Qd8 16. h3 Qf6 17. g4 fxg4 18. Qxg4 Qxf4 19. Qxf4 Rxf4 20. Rac1 Nd7 21.
Ne3 Bxd4 0-1

[Event "Bad Wörishofen op 2012 28th"]
[Site "Bad Wörishofen (2.3.-10.3)"]
[Date "2012.03.09"]
[Round "8.86"]
[White "Di Cicco, Daniela"]
[Black "Lang, Ludwig"]
[Result "1/2-1/2"]
[WhiteElo "1071"]
[BlackElo "1117"]
[PlyCount "72"]
[EventDate "2012.03.??"]
[EventType "swiss"]
[EventRounds "9"]
[EventCountry "GER"]
[SourceDate "2013.02.18"]
[WhiteTeam "ITA/Italien"]
[BlackTeam "Bobingen SK"]
[WhiteTeamCountry "ITA"]

1. d4 Nf6 2. Nf3 d5 3. h3 Nc6 4. c3 e6 5. Bf4 Be7 6. Nbd2 Nh5 7. Bh2 Bd6 8.
Bxd6 Qxd6 9. e3 Bd7 10. Bd3 h6 11. Qe2 O-O-O 12. O-O Nf6 13. e4 dxe4 14. Nxe4
Nxe4 15. Bxe4 f5 16. Bd3 a6 17. Rfe1 Rhe8 18. Ne5 Nxe5 19. dxe5 Qe7 20. f4 Rf8
21. g3 Qc5+ 22. Qe3 Qxe3+ 23. Rxe3 g6 24. h4 h5 25. Rd1 Bb5 26. Kf2 Bxd3 27.
Rexd3 Rxd3 28. Rxd3 Rd8 29. Ke3 Rxd3+ 30. Kxd3 Kd7 31. Kd4 Kc6 32. c4 b6 33. b4
Kd7 34. a4 c6 35. Kc3 c5 36. Kb3 a5 1/2-1/2

[Event "Bad Wörishofen op 2012 28th"]
[Site "Bad Wörishofen (2.3.-10.3)"]
[Date "2012.03.10"]
[Round "9.4"]
[White "Levin, Felix"]
[Black "Loetscher, Roland"]
[Result "1-0"]
[WhiteElo "2472"]
[BlackElo "2330"]
[PlyCount "95"]
[EventDate "2012.03.??"]
[EventType "swiss"]
[EventRounds "9"]
[EventCountry "GER"]
[SourceDate "2013.02.18"]
[WhiteTeam "Mülheim-Nord SV"]
[BlackTeam "Garching SC"]

1. Nf3 d5 2. d4 Nf6 3. c4 c6 4. Qc2 dxc4 5. Qxc4 Bg4 6. Nc3 Nbd7 7. e4 Bxf3 8.
gxf3 e5 9. Be3 Bd6 10. O-O-O O-O 11. Ne2 Qc7 12. Qc2 Rfe8 13. Kb1 Bf8 14. Ng3
exd4 15. Bxd4 a6 16. Be3 Rad8 17. f4 Ng4 18. Bc1 Ndf6 19. Rxd8 Rxd8 20. h3 Nh6
21. Bd3 Qd7 22. Be2 Kh8 23. Be3 Nhg8 24. Bb6 Ra8 25. Rd1 Qe8 26. Bf3 Ne7 27.
Qd2 Ng6 28. e5 Nd5 29. Bxd5 cxd5 30. Bd4 Rc8 31. Bc3 b5 32. Re1 d4 33. Bxd4 Rd8
34. Qe3 Nh4 35. Rc1 Qe6 36. Qe4 g6 37. Be3 Kg8 38. f5 Nxf5 39. Nxf5 gxf5 40.
Qh4 Qd5 41. Rg1+ Bg7 42. Qg5 Qd3+ 43. Ka1 Qd1+ 44. Rxd1 Rxd1+ 45. Bc1 h6 46.
Qe3 f4 47. Qxf4 Bxe5 48. Qg4+ 1-0

[Event "Bad Wörishofen op 2012 28th"]
[Site "Bad Wörishofen (2.3.-10.3)"]
[Date "2012.03.10"]
[Round "9.6"]
[White "Vasilevich, Tatjana"]
[Black "Steinbacher, Matthias Dr"]
[Result "0-1"]
[WhiteElo "2379"]
[BlackElo "2242"]
[PlyCount "120"]
[EventDate "2012.03.??"]
[EventType "swiss"]
[EventRounds "9"]
[EventCountry "GER"]
[SourceDate "2013.02.18"]
[WhiteTeam "Aue Nickelhütte ESV"]
[BlackTeam "Gerresheim SF"]

1. d4 Nf6 2. c4 e6 3. g3 Bb4+ 4. Bd2 a5 5. Bg2 d5 6. Qc2 Nc6 7. Nf3 dxc4 8.
Qxc4 Qd5 9. Qxd5 exd5 10. O-O Bg4 11. Be3 Ne7 12. Bf4 O-O-O 13. Rc1 Nc6 14. a3
Bd6 15. Bxd6 Rxd6 16. e3 Bxf3 17. Bxf3 Ne4 18. Bxe4 dxe4 19. Nd2 Re8 20. Rc5 b6
21. Rc2 Kb7 22. Rac1 Re7 23. Nc4 Rh6 24. b3 f5 25. Kg2 Na7 26. b4 axb4 27. axb4
Nb5 28. Ne5 Re8 29. Ra2 Rf6 30. h3 Ra8 31. Rxa8 Kxa8 32. g4 f4 33. h4 Kb7 34.
g5 Rf8 35. Rc2 Nd6 36. exf4 Rxf4 37. Kg3 Rf8 38. Kg4 Nf5 39. Re2 Nd6 40. f3
exf3 41. Nxf3 Rf7 42. h5 Ka6 43. g6 hxg6 44. hxg6 Rd7 45. Re6 Nc4 46. Kf5 Nd6+
47. Kg5 Nb5 48. Kf5 Kb7 49. Re5 Kc6 50. Ke4 Nc3+ 51. Kf5 Rd6 52. Re3 Rf6+ 53.
Kg5 Nd1 54. Ne5+ Kd5 55. Rh3 Nf2 56. Rh7 Kxd4 57. Nf7 Ne4+ 58. Kh5 Rf5+ 59. Kh4
Rf4+ 60. Kh3 Rxf7 0-1

[Event "Bad Wörishofen op 2012 28th"]
[Site "Bad Wörishofen (2.3.-10.3)"]
[Date "2012.03.10"]
[Round "9.9"]
[White "Donchenko, Anatoly"]
[Black "Meijers, Viesturs"]
[Result "1/2-1/2"]
[WhiteElo "2306"]
[BlackElo "2443"]
[PlyCount "106"]
[EventDate "2012.03.??"]
[EventType "swiss"]
[EventRounds "9"]
[EventCountry "GER"]
[SourceDate "2013.02.18"]
[WhiteTeam "Giessen SK"]
[BlackTeam "Aue Nickelhütte ESV"]

1. Nf3 Nf6 2. c4 e6 3. b3 Be7 4. Bb2 O-O 5. g3 b6 6. Bg2 Bb7 7. O-O c5 8. Nc3
d5 9. cxd5 Nxd5 10. d4 Nxc3 11. Bxc3 Bf6 12. Rc1 Nd7 13. e3 Ba6 14. Re1 Rc8 15.
b4 Bb7 16. dxc5 bxc5 17. Bxf6 gxf6 18. bxc5 Nxc5 19. Qxd8 Rfxd8 20. Red1 Rxd1+
21. Rxd1 f5 22. Nd4 Bxg2 23. Kxg2 Rb8 24. Rc1 Ne4 25. Rc2 Rb7 26. Nb3 Kg7 27.
Nc5 Rb5 28. Nxe4 fxe4 29. Rc4 Re5 30. g4 h5 31. gxh5 a5 32. h4 Kh6 33. Kg3 Kxh5
34. a4 Kg6 35. Kf4 Rf5+ 36. Kg3 Re5 37. Rc8 Rd5 38. Rb8 Kg7 39. Rb2 Rf5 40. Rb6
Rc5 41. Rb5 Rxb5 42. axb5 a4 43. b6 a3 44. b7 a2 45. b8=Q a1=Q 46. Qf4 Qg1+ 47.
Kh3 Qh1+ 48. Kg3 f6 49. Qg4+ Kf7 50. Kf4 Qh2+ 51. Qg3 Qh1 52. Qg4 Qh2+ 53. Qg3
Qh1 1/2-1/2

[Event "Bad Wörishofen op 2012 28th"]
[Site "Bad Wörishofen (2.3.-10.3)"]
[Date "2012.03.10"]
[Round "9.10"]
[White "Wichmann, Cliff"]
[Black "Mainka, Romuald"]
[Result "0-1"]
[WhiteElo "2276"]
[BlackElo "2432"]
[PlyCount "88"]
[EventDate "2012.03.??"]
[EventType "swiss"]
[EventRounds "9"]
[EventCountry "GER"]
[SourceDate "2013.02.18"]
[WhiteTeam "Aue Nickelhütte ESV"]
[BlackTeam "Dortmund Hansa SC"]

1. d4 Nf6 2. c4 e6 3. Nf3 d5 4. Nc3 c6 5. e3 a6 6. c5 b6 7. cxb6 Qxb6 8. Bd3
Nbd7 9. O-O c5 10. b3 cxd4 11. exd4 Bd6 12. Bb2 Qb8 13. Re1 O-O 14. Qe2 Bb7 15.
Rac1 Qa7 16. Ne5 Rac8 17. Na4 Bb4 18. Red1 Be7 19. Bb1 Rfd8 20. Qd3 g6 21. Re1
Bb4 22. Red1 Bf8 23. Re1 Bh6 24. Rc2 Rxc2 25. Bxc2 Rc8 26. Bb1 Bg7 27. Re2 Nxe5
28. dxe5 Nd7 29. Bc2 Bc6 30. Bd4 Bb5 31. Qe3 Qc7 32. Rd2 Bxa4 33. bxa4 Bxe5 34.
g3 Bxd4 35. Qxd4 Ne5 36. Kg2 Nc4 37. Re2 Qb7 38. h4 e5 39. Qg4 e4 40. h5 Ne5
41. Qf4 Nf3 42. h6 Qc6 43. Bb3 Qe6 44. Re3 g5 0-1

[Event "Bad Wörishofen op 2012 28th"]
[Site "Bad Wörishofen (2.3.-10.3)"]
[Date "2012.03.10"]
[Round "9.11"]
[White "Zude, Arno"]
[Black "Calzetta Ruiz, Monica"]
[Result "1/2-1/2"]
[WhiteElo "2413"]
[BlackElo "2294"]
[PlyCount "62"]
[EventDate "2012.03.??"]
[EventType "swiss"]
[EventRounds "9"]
[EventCountry "GER"]
[SourceDate "2013.02.18"]
[WhiteTeam "Hofheim(Taunus) SV"]
[BlackTeam "Kiel Doppelbauer SK"]

1. e4 c5 2. Nf3 Nc6 3. d4 cxd4 4. Nxd4 Nf6 5. Nc3 d6 6. Bg5 g6 7. Bxf6 exf6 8.
Qd2 Bg7 9. Ndb5 O-O 10. O-O-O f5 11. Nxd6 fxe4 12. Ncxe4 Be6 13. Bc4 Qb6 14. b3
Rad8 15. Bxe6 fxe6 16. Kb1 Nb4 17. c4 a5 18. h4 a4 19. Rh3 Nc6 20. Rc1 axb3 21.
Rxb3 Qa6 22. c5 b5 23. h5 b4 24. hxg6 hxg6 25. Qd3 Ra8 26. Qxa6 Rxa6 27. Rd1
Rfa8 28. Rd2 Bh6 29. Rdb2 Bg7 30. Rd2 Bh6 31. Rdb2 Bg7 1/2-1/2

[Event "Bad Wörishofen op 2012 28th"]
[Site "Bad Wörishofen (2.3.-10.3)"]
[Date "2012.03.10"]
[Round "9.12"]
[White "Schelle, Artur"]
[Black "Ivanov, Mikhail M(69)"]
[Result "0-1"]
[WhiteElo "2169"]
[BlackElo "2368"]
[PlyCount "73"]
[EventDate "2012.03.??"]
[EventType "swiss"]
[EventRounds "9"]
[EventCountry "GER"]
[SourceDate "2013.02.18"]
[WhiteTeam "München Tarrasch SC"]
[BlackTeam "Bad Mergentheim SF"]

1. e4 e5 2. Nf3 Nc6 3. d4 exd4 4. Nxd4 Bc5 5. Nxc6 Qf6 6. Qf3 bxc6 7. Nd2 d6 8.
Bd3 Qxf3 9. Nxf3 Ne7 10. O-O Ng6 11. Re1 Bg4 12. Nd2 Ne5 13. Bf1 Be6 14. Nb3
Bb6 15. Be3 c5 16. f3 g5 17. Nc1 f6 18. a4 Ba5 19. Rd1 Rb8 20. b3 Bc3 21. Rb1
Ke7 22. Bb5 h5 23. Nd3 Ng6 24. Nxc5 dxc5 25. Bxc5+ Kf7 26. Bxa7 Rbd8 27. Rd3
Bb4 28. Rbd1 Ra8 29. Bf2 Nf4 30. Rd4 Bc3 31. Rd7+ Bxd7 32. Rxd7+ Kg6 33. Rxc7
Rac8 34. Rb7 Rb8 35. Ra7 Ra8 36. Re7 Bb4 37. Rb7 0-1

[Event "Bad Wörishofen op 2012 28th"]
[Site "Bad Wörishofen (2.3.-10.3)"]
[Date "2012.03.10"]
[Round "9.14"]
[White "Pirrot, Dieter"]
[Black "Astengo, Corrado"]
[Result "1-0"]
[WhiteElo "2316"]
[BlackElo "2098"]
[PlyCount "61"]
[EventDate "2012.03.??"]
[EventType "swiss"]
[EventRounds "9"]
[EventCountry "GER"]
[SourceDate "2013.02.18"]
[WhiteTeam "Hofheim(Taunus) SV"]
[BlackTeam "ITA/Italien Milanese"]
[BlackTeamCountry "ITA"]

1. e4 e6 2. d4 d5 3. Nd2 dxe4 4. Nxe4 Nd7 5. Nf3 Ngf6 6. Bd3 Nxe4 7. Bxe4 Nf6
8. Bd3 c5 9. O-O cxd4 10. Nxd4 Bc5 11. Nf3 h6 12. Ne5 O-O 13. Re1 Nd7 14. Qh5
Nxe5 15. Rxe5 Bd4 16. Re4 f5 17. Re2 Qf6 18. c3 Bb6 19. Bf4 Bd7 20. Bc4 Kh7 21.
Rae1 Rfe8 22. h4 Rac8 23. Bd3 Bc6 24. g4 Rcd8 25. Bc2 Bc7 26. Bxc7 g6 27. g5
gxh5 28. gxf6 Rg8+ 29. Bg3 Kh8 30. f7 Rg4 31. Rxe6 1-0

[Event "Bad Wörishofen op 2012 28th"]
[Site "Bad Wörishofen (2.3.-10.3)"]
[Date "2012.03.10"]
[Round "9.17"]
[White "Kozlov, Alexander"]
[Black "Friedrich, Norbert(66)"]
[Result "1/2-1/2"]
[WhiteElo "2128"]
[BlackElo "2292"]
[PlyCount "190"]
[EventDate "2012.03.??"]
[EventType "swiss"]
[EventRounds "9"]
[EventCountry "GER"]
[SourceDate "2013.02.18"]
[WhiteTeam "Schwegenheim SC"]
[BlackTeam "Waldshut-Tiengen SG"]

1. d4 d5 2. c4 c6 3. Nf3 Nf6 4. e3 e6 5. Bd3 Nbd7 6. Nc3 dxc4 7. Bxc4 b5 8. Bb3
b4 9. Ne2 Bb7 10. O-O c5 11. Nf4 Bd6 12. Re1 O-O 13. Ng5 Qb6 14. dxc5 Nxc5 15.
Bc4 Rad8 16. Qe2 h6 17. Nf3 e5 18. Ng6 Rfe8 19. Ngh4 Bb8 20. Nf5 Nce4 21. Nd2
Nxd2 22. Bxd2 Qc6 23. f3 Rxd2 24. Bxf7+ Kxf7 25. Qxd2 Qb6 26. Rad1 Bd5 27. b3
Be6 28. Nd6+ Bxd6 29. Qxd6 Qxd6 30. Rxd6 Nd5 31. Ra6 Re7 32. a3 Rb7 33. Ra1
Nxe3 34. axb4 Rxb4 35. Rxa7+ Kf6 36. R7a4 Rxb3 37. R4a3 Rxa3 38. Rxa3 Nf5 39.
Kf2 h5 40. Ra8 Nd6 41. Ra6 Nf7 42. Rb6 Kf5 43. Rb5 g5 44. h3 h4 45. Rb8 Kf6 46.
Ra8 Nh6 47. Ra6 Nf5 48. Rb6 Ng3 49. Ra6 Nh5 50. Kg1 Nf4 51. Kh2 Ne2 52. Rc6 Kf5
53. Rb6 Ng3 54. Kg1 e4 55. fxe4+ Nxe4 56. Kh2 Ke5 57. Rb4 Kf4 58. Rb6 Bd5 59.
Rb5 Nf6 60. Rb6 Nh5 61. Rh6 Ng3 62. Rf6+ Ke5 63. Rg6 Kf5 64. Rd6 Be4 65. Rd8
Kf4 66. Rf8+ Nf5 67. Rf6 Bd5 68. Rf8 Ke5 69. Re8+ Kd4 70. Rh8 Ng3 71. Rf8 Ke5
72. Kg1 Ne2+ 73. Kh2 Nf4 74. g3 hxg3+ 75. Kxg3 Be6 76. h4 gxh4+ 77. Kf3 Ng6 78.
Rb8 Kf5 79. Rb5+ Kf6 80. Rh5 Bf5 81. Kf2 Bg4 82. Ra5 Bf5 83. Kg2 Nf4+ 84. Kh2
Kg5 85. Ra8 Nd3 86. Rg8+ Bg6 87. Rf8 Ne5 88. Rb8 Bf5 89. Rb4 Ng4+ 90. Kg2 Nf6
91. Kh2 Ne4 92. Rb8 Nd2 93. Rb4 Nf3+ 94. Kg2 Ne5 95. Kh2 Bg4 1/2-1/2